000 00544nam a2200181Ia 4500
003 GCL
008 140319s9999 xx 000 0 ara d
040 _aGCL /
_cGCL
082 0 4 _a418
_bا ت
100 1 _aايهاب العزازى
245 1 0 _aتيسير النحو والصرف /
_cايهاب العزازى
300 _a102 ص
490 _a
650 0 4 _aاللغة العربية - النحو
650 0 4 _aاللغة العربية - الصرف
650 0 4 _aاللغة العربية - تعليم وتدريس
942 _2ddc
_cBK
999 _c43905
_d43905